000 01022nam a2200313 i 4500
001 196531
003 ES-MaACL
005 20250815122202.0
007 ta
008 241004b1992 sp ||||| |||| 00| 0 spa d
017 _aM-13-58
040 _bspa
_cES-MaACL
_dES-MaACL
245 _aLorca inédito (ABC cultural)
260 _aMadrid :
_bABC,
_c1992
300 _a55 p. ;
_bil. col.;
_c30 cm
336 _2rdacontent
_atexto
337 _2rdamedia
_asin mediación
338 _2rdacarrier
_avolumen
490 1 _aABC cultural;
_vn. 31
600 1 4 _954853
_aGarcía Lorca, Federico,
_d1898-1936
650 7 _aPintura
_2embne
_916002
830 _aABC cultural;
_vn.31
_9239141
852 _aES-MaACL
_cDEPOF
_j FOLL-BUE-27
_hLegado: Antonio Buero Vallejo
_9204244
903 _932421
_aBuero Vallejo, Antonio,
_q1
_d1916-2000
_ednr
942 _n0
_cFOLLETOS
999 _c196531
_d196531